Physical education for handicapped children / (Record no. 134112)

MARC details
000 -LEADER
fixed length control field 00747nam a22002297a 4500
005 - DATE AND TIME OF LATEST TRANSACTION
control field 20170124110221.0
010 ## - LIBRARY OF CONGRESS CONTROL NUMBER
LC control number A-944214
020 ## - INTERNATIONAL STANDARD BOOK NUMBER
International Standard Book Number 8175240121
Terms of availability 350.00
035 ## - SYSTEM CONTROL NUMBER
System control number A-944214
037 ## - SOURCE OF ACQUISITION
Source of stock number/acquisition Cen Lib/Ret
040 ## - CATALOGING SOURCE
Original cataloging agency DPL
Language of cataloging EN
082 ## - DEWEY DECIMAL CLASSIFICATION NUMBER
Classification number 796.196
Item number LAU
100 ## - MAIN ENTRY--PERSONAL NAME
Personal name Suresh Kumar Lau
9 (RLIN) 39826
245 ## - TITLE STATEMENT
Title Physical education for handicapped children /
Statement of responsibility, etc by Suresh Kumar Lau
260 ## - PUBLICATION, DISTRIBUTION, ETC. (IMPRINT)
Place of publication, distribution, etc Delhi
Name of publisher, distributor, etc Khel Sahitya Kendra
Date of publication, distribution, etc 1998
270 ## - ADDRESS
Address shiv market. ashok vihar
City Delhi
Postal code 110052
300 ## - PHYSICAL DESCRIPTION
Extent 169p.
Dimensions 21cm(Hb)
500 ## - GENERAL NOTE
General note Includes appendix, bibliographical references
650 ## - SUBJECT ADDED ENTRY--TOPICAL TERM
Topical term or geographic name as entry element Physical education
9 (RLIN) 22886
650 ## - SUBJECT ADDED ENTRY--TOPICAL TERM
Topical term or geographic name as entry element Physical education programme
General subdivision Handicapped
9 (RLIN) 39827
942 ## - ADDED ENTRY ELEMENTS (KOHA)
Source of classification or shelving scheme Dewey Decimal Classification
Koha item type English Books
Classification part 796.0196
Call number suffix LAU
Holdings
Withdrawn status Lost status Damaged status Not for loan Collection code Home library Current library Date acquired Source of acquisition Cost, normal purchase price Total Checkouts Full call number Barcode Date last seen Copy number Cost, replacement price Price effective from Koha item type
      Not For Loan Reference Central Library Central Library 29/07/2015 Cen Lib/Ret 350.00   796.196 LAU A-944214 29/07/2015 1 350.00 29/07/2015 English Books

© Delhi Public Library
Hit Counter
free hit counter